Diffuser la propriete.

Guardado en:
Bibliografiske detaljer
Hovedforfatter: Salleron, Luois (autor)
Format: Bog
Sprog:fransk
Serier:(Itineraires)
Fag:
Tags: Tilføj Tag
Ingen Tags, Vær først til at tagge denne postø!

MARC

LEADER 00000cam^a2200000uu^4500
001 000491849
005 20250521000000.0
008 050901s1964^^^^^^^^^^^^rd^r^^000^0^fre^d
009 20260526150759.602
035 |a FCE 000035105 
035 |a FCE 035143 
037 |a Acervo ITESO - Biblioteca 
041 |a FRA 
082 0 4 |a 262.91  |b SALd 
100 |a Salleron, Luois  |e (autor) 
245 1 0 |a Diffuser la propriete. 
264 |a Paris :  |b Nouvelles Editions Latines,  |c 1964. 
300 |a 220 p. 
336 |a texto  |b txt  |2 rdacontenido 
337 |a sin mediación  |b n  |2 rdamedio 
338 |a volumen  |b nc  |2 rdasoporte 
440 0 |a (Itineraires) 
649 |a XX 
650 |a Capital 
650 |a Marxismo 
650 |a Medio social 
650 |a Bienes inmuebles 
650 |a Estados Unidos 
650 |a Alemania 
650 |a Europa 
910 |a Fondo Centro de Estudios Educativos 
920 |a Impresos - Libros 
930 |a Fondos Especiales 
905 |a 133 
901 |a ALE035143  |b IT2  |c CEE  |u 20250521 
902 |a https://opac.biblio.iteso.mx/vufind/Record/000491849